Harry Potter: Close-up Quiz Stats

 Plays Quiz Updated Nov 9, 2018

Challenge
Share
Tweet
Score 0/25 Timer 05:00
17 Plays Today
% Correct
Nimbus 2000
93.4%
Voldemort
85.7%
Albus Dumbledore
85.2%
Bellatrix Lestrange
84.7%
Minerva McGonagall
84.5%
Hedwig
82.6%
Crookshanks
82%
Fawkes
81.4%
Marauder's Map
80.6%
Troll
80.3%
Ford Anglia (flying)
79.5%
Aragog
78.5%
Sirius' motorbike
73.8%
% Correct
Hogwarts Express
73.6%
Knight Bus
73.4%
Luna Lovegood
72%
Basilisk
69.6%
Buckbeak
68.7%
Merperson
67.5%
Dobby
67.4%
Dementor
62.7%
Gringotts
58.2%
Rubeus Hagrid
44.6%
Snitch
33.1%
Triwizard Cup
10.1%

You're not logged in!

Compare scores with friends on all Sporcle quizzes.
OR
Log In

You Might Also Like...

Show Comments

Extras

Top Quizzes Today


Score Distribution

Your Account Isn't Verified!

In order to create a playlist on Sporcle, you need to verify the email address you used during registration. Go to your Sporcle Settings to finish the process.

Report this User

Report this user for behavior that violates our Community Guidelines.

Details: